[Event "Koltsovo Naukograd op"]
[Site "Koltsovo"]
[Date "2008.07.02"]
[Round "5"]
[White "Kovalev, Evgeny"]
[Black "Solodovnikov, Mikhail"]
[Result "1/2-1/2"]
[WhiteElo "2212"]
[BlackElo "2239"]
[PlyCount "96"]
[EventDate "2008.06.28"]
[EventType "swiss"]
[EventRounds "9"]
[EventCountry "RUS"]
[SourceTitle "EXT 2022"]
[Source "ChessBase"]
[SourceDate "2021.10.06"]
[SourceVersion "1"]
[SourceVersionDate "2021.10.06"]
[SourceQuality "1"]

1. d4 Nf6 2. Nf3 g6 3. g3 Bg7 4. Bg2 0-0 5. c4 c6 6. Nc3 d5 7. Ne5 dxc4 8. Nxc4 Be6 9. Qd3 Na6 10. a3 Qc8 11. Na5 Rd8 12. b4 Nd5 13. e3 Nxc3 14. Qxc3 Bd5 15. f3 e5 16. dxe5 Qe6 17. Bb2 b6 18. e4 bxa5 19. exd5 cxd5 20. f4 Rac8 21. Qd2 axb4 22. axb4 Qb6 23. Bd4 Qxb4 24. Rxa6 Rc1+ 25. Ke2 Qc4+ 26. Qd3 Rc2+ 27. Ke3 Rxg2 28. Qxc4 dxc4 29. Rxa7 Rc8 30. Rc1 Rxh2 31. Ra4 h5 32. Raxc4 Rxc4 33. Rxc4 Ra2 34. Rc8+ Kh7 35. Ke4 Ra4 36. Kd5 Ra6 37. Bc5 Ra4 38. Be7 Ra6 39. Rc6 Rxc6 40. Kxc6 Kg8 41. Kd7 Bh6 42. Ke8 Bg7 43. Bg5 Bf8 44. Be7 Bh6 45. Kd7 Bg7 46. e6 fxe6 47. Kxe6 Bc3 48. Bf6 Be1 1/2-1/2

[Event "Koltsovo Naukograd op"]
[Site "Koltsovo"]
[Date "2008.06.29"]
[Round "2"]
[White "Solodovnikov, Mikhail"]
[Black "Romanov, Viktor"]
[Result "1-0"]
[WhiteElo "2239"]
[BlackElo "2015"]
[PlyCount "77"]
[EventDate "2008.06.28"]
[EventType "swiss"]
[EventRounds "9"]
[EventCountry "RUS"]
[SourceTitle "EXT 2022"]
[Source "ChessBase"]
[SourceDate "2021.10.06"]
[SourceVersion "1"]
[SourceVersionDate "2021.10.06"]
[SourceQuality "1"]

1. e4 c5 2. Nf3 d6 3. d4 cxd4 4. Nxd4 Nf6 5. Nc3 a6 6. Be3 e6 7. g4 Be7 8. g5 Nfd7 9. Rg1 Nc6 10. h4 Qc7 11. Qd2 b5 12. Nxc6 Qxc6 13. 0-0-0 Bb7 14. f4 Nc5 15. Qd4 0-0 16. Bg2 Rac8 17. Rd2 Rfd8 18. h5 Bf8 19. g6 fxg6 20. hxg6 h6 21. e5 Qc7 22. Bxb7 Nxb7 23. Qb6 Qxb6 24. Bxb6 Rd7 25. Rf1 Be7 26. Be3 Rdc7 27. f5 exf5 28. Nd5 dxe5 29. Nxc7 Rxc7 30. Rxf5 Bb4 31. Rd5 Bd6 32. Kd1 Re7 33. b3 Re6 34. Rf7 Na5 35. Ra7 Rxg6 36. Rxa6 Nb7 37. Rxb5 Nd8 38. Rd5 Nf7 39. Bc5 1-0

[Event "Capital of Sibiria op"]
[Site "Novosibirsk"]
[Date "2002.07.24"]
[Round "6"]
[White "Korobkin, Maxim"]
[Black "Solodovnikov, Mikhail"]
[Result "1/2-1/2"]
[WhiteElo "2122"]
[BlackElo "2266"]
[PlyCount "39"]
[EventDate "2002.07.19"]
[EventType "swiss"]
[EventRounds "9"]
[EventCountry "RUS"]
[SourceTitle "CBM 089 Extra"]
[Source "ChessBase"]
[SourceDate "2002.09.10"]
[SourceVersion "2"]
[SourceVersionDate "2002.09.10"]
[SourceQuality "1"]

1. e4 c5 2. Nf3 d6 3. c3 Nf6 4. h3 g6 5. Bd3 Bg7 6. 0-0 0-0 7. Bc2 Nc6 8. a3 e5 9. d4 exd4 10. cxd4 cxd4 11. Nxd4 Re8 12. Nxc6 bxc6 13. Nc3 h6 14. Qf3 Qe7 15. Rd1 Bb7 16. Bb3 d5 17. exd5 cxd5 18. Nxd5 Nxd5 19. Bxd5 Bxd5 20. Rxd5 1/2-1/2

[Event "RUS-ch sf"]
[Site "Novosibirsk"]
[Date "2002.??.??"]
[Round "7"]
[White "Kolomensky, Vladimir"]
[Black "Solodovnikov, Mikhail"]
[Result "1-0"]
[WhiteElo "2315"]
[BlackElo "2264"]
[PlyCount "65"]
[EventDate "2002.??.??"]
[EventType "swiss"]
[EventRounds "9"]
[EventCountry "RUS"]
[SourceTitle "EXT 2007"]
[Source "ChessBase"]
[SourceDate "2006.11.23"]
[SourceVersion "1"]
[SourceVersionDate "2006.11.23"]
[SourceQuality "1"]

1. e4 c5 2. Nf3 d6 3. d4 cxd4 4. Nxd4 Nf6 5. Nc3 g6 6. Be2 Bg7 7. 0-0 Nc6 8. Nb3 0-0 9. Bg5 Be6 10. Kh1 Qc8 11. f4 Re8 12. Qd2 a6 13. Bf3 b5 14. Nd5 Bxd5 15. exd5 Nb8 16. a4 bxa4 17. Rxa4 Nbd7 18. Na5 Nb6 19. Ra2 Nc4 20. Qe2 Nxa5 21. Rxa5 Qb7 22. b3 Nd7 23. Be4 Qb6 24. Ra4 Nc5 25. Rc4 f5 26. Bf3 a5 27. g4 fxg4 28. Bxg4 Qb7 29. Be6+ Kh8 30. f5 Rf8 31. Rh4 Nxe6 32. Qxe6 Qc8 33. Qxg6 1-0

[Event "RUS-ch sf"]
[Site "Novosibirsk"]
[Date "2002.??.??"]
[Round "5"]
[White "Vekshenkov, Nikolai"]
[Black "Solodovnikov, Mikhail"]
[Result "1-0"]
[WhiteElo "2417"]
[BlackElo "2264"]
[PlyCount "59"]
[EventDate "2002.??.??"]
[EventType "swiss"]
[EventRounds "9"]
[EventCountry "RUS"]
[SourceTitle "EXT 2007"]
[Source "ChessBase"]
[SourceDate "2006.11.23"]
[SourceVersion "1"]
[SourceVersionDate "2006.11.23"]
[SourceQuality "1"]

1. Nf3 c5 2. c4 Nf6 3. Nc3 Nc6 4. e3 g6 5. d4 cxd4 6. exd4 d5 7. cxd5 Nxd5 8. Qb3 Nxc3 9. Bc4 e6 10. bxc3 Bg7 11. Ba3 Ne7 12. 0-0 0-0 13. Rfe1 a5 14. Rab1 a4 15. Qb6 Bf6 16. g4 Nd5 17. Bxd5 Qxd5 18. Bxf8 Qxf3 19. Re3 Qxg4+ 20. Rg3 Qe2 21. Bd6 Qe4 22. Re3 Qg4+ 23. Kf1 h5 24. Qb5 b6 25. Qe8+ Kh7 26. Qxf7+ Bg7 27. Rxb6 Ba6+ 28. Rxa6 Rxa6 29. Be5 Qd1+ 30. Re1 1-0

[Event "Novosibirsk-ch"]
[Site "Novosibirsk"]
[Date "2001.11.20"]
[Round "8"]
[White "Kazakov, Peter"]
[Black "Solodovnikov, Mikhail"]
[Result "1/2-1/2"]
[WhiteElo "2342"]
[BlackElo "2189"]
[PlyCount "166"]
[EventDate "2001.11.13"]
[EventType "swiss"]
[EventRounds "9"]
[EventCountry "RUS"]
[SourceTitle "CBM 085 Extra"]
[Source "ChessBase"]
[SourceDate "2002.01.21"]
[SourceVersion "1"]
[SourceVersionDate "2002.01.21"]
[SourceQuality "1"]

1. e4 c5 2. Nf3 d6 3. d4 cxd4 4. Qxd4 Nc6 5. Bb5 Bd7 6. Bxc6 Bxc6 7. Nc3 Nf6 8. Bg5 e6 9. 0-0-0 Be7 10. Qd3 Qa5 11. Kb1 0-0 12. Bd2 Qa6 13. Bg5 Qxd3 14. Rxd3 Rfe8 15. Re1 Rac8 16. Nd4 a6 17. f3 Nxe4 18. Bxe7 Nxc3+ 19. bxc3 Rxe7 20. Nf5 Rd7 21. Nxd6 Rcd8 22. Red1 Kf8 23. c4 Ke7 24. Ne4 Rxd3 25. cxd3 Bxe4 26. fxe4 e5 27. Kc2 Kd6 28. Rb1 Kc6 29. a4 b6 30. Kc3 Kc5 31. Rf1 f6 32. g4 h6 33. h4 Rd6 34. g5 hxg5 35. hxg5 b5 36. axb5 axb5 37. cxb5 Kxb5 38. Rb1+ Kc6 39. Rb8 Re6 40. Ra8 fxg5 41. Ra6+ Kd7 42. Ra7+ Kd6 43. Rxg7 Re8 44. Rxg5 Rc8+ 45. Kd2 Rf8 46. Rg6+ Ke7 47. Ra6 Rc8 48. Ra4 Kd6 49. Rc4 Ra8 50. Kc3 Ra3+ 51. Kc2 Ra2+ 52. Kc3 Ra3+ 53. Kd2 Ra8 54. Rc3 Rf8 55. Kc2 Rb8 56. Rb3 Rc8+ 57. Kb2 Rc7 58. Rb6+ Ke7 59. Kb3 Rc8 60. Rb5 Kd6 61. Rd5+ Ke6 62. Ra5 Kd6 63. Kb4 Ke6 64. Rc5 Rd8 65. Kc3 Ra8 66. Rc6+ Kd7 67. Rh6 Rc8+ 68. Kb4 Ke7 69. Rb6 Kd7 70. Ra6 Ke7 71. Ra3 Kd6 72. Rc3 Rb8+ 73. Kc4 Rc8+ 74. Kb3 Rb8+ 75. Kc2 Ra8 76. Rb3 Rc8+ 77. Kd2 Rh8 78. Rb6+ Ke7 79. Rg6 Kf7 80. Rg3 Ke6 81. Ke3 Rd8 82. Rg6+ Kf7 83. Ra6 Ke7 1/2-1/2

[Event "Novosibirsk-ch"]
[Site "Novosibirsk"]
[Date "2001.11.19"]
[Round "7"]
[White "Maletin, Pavel"]
[Black "Solodovnikov, Mikhail"]
[Result "1/2-1/2"]
[WhiteElo "2254"]
[BlackElo "2189"]
[PlyCount "36"]
[EventDate "2001.11.13"]
[EventType "swiss"]
[EventRounds "9"]
[EventCountry "RUS"]
[SourceTitle "CBM 085 Extra"]
[Source "ChessBase"]
[SourceDate "2002.01.21"]
[SourceVersion "1"]
[SourceVersionDate "2002.01.21"]
[SourceQuality "1"]

1. Nf3 c5 2. g3 Nf6 3. Bg2 g6 4. 0-0 Bg7 5. c4 0-0 6. d4 cxd4 7. Nxd4 Nc6 8. Nc3 Rb8 9. Rb1 Nxd4 10. Qxd4 b6 11. Bg5 Re8 12. Rfd1 d6 13. Qd2 Bb7 14. Bxb7 Rxb7 15. e4 Qc8 16. Qe2 Qg4 17. Qe3 h6 18. Bxf6 Bxf6 1/2-1/2

[Event "Novosibirsk-ch"]
[Site "Novosibirsk"]
[Date "2001.11.17"]
[Round "5"]
[White "Solodovnikov, Mikhail"]
[Black "Petrukhin, Denis"]
[Result "1/2-1/2"]
[WhiteElo "2189"]
[BlackElo "2214"]
[PlyCount "82"]
[EventDate "2001.11.13"]
[EventType "swiss"]
[EventRounds "9"]
[EventCountry "RUS"]
[SourceTitle "CBM 085 Extra"]
[Source "ChessBase"]
[SourceDate "2002.01.21"]
[SourceVersion "1"]
[SourceVersionDate "2002.01.21"]
[SourceQuality "1"]

1. e4 e5 2. Nf3 Nc6 3. Bb5 a6 4. Ba4 Nf6 5. 0-0 b5 6. Bb3 Bc5 7. c3 d6 8. a4 Rb8 9. axb5 axb5 10. d4 Bb6 11. Na3 0-0 12. Re1 Bg4 13. Nxb5 exd4 14. cxd4 Bxf3 15. gxf3 Nh5 16. Be3 Qf6 17. Bc4 Na5 18. Bf1 Qg6+ 19. Kh1 f5 20. d5 fxe4 21. Bxb6 cxb6 22. Rxe4 Rf6 23. Nd4 Rbf8 24. Re6 Nf4 25. Rxf6 Qxf6 26. b4 Nb7 27. Ra7 Nd8 28. Ne2 Ng6 29. Qd4 Qxf3+ 30. Bg2 Qf6 31. Qxf6 Rxf6 32. Ra8 Rf8 33. Rb8 Ne5 34. Bh3 g5 35. f4 gxf4 36. Nxf4 Rxf4 37. Rxd8+ Kg7 38. Rxd6 Rxb4 39. Re6 Rb1+ 40. Kg2 Rb2+ 41. Kg3 Rb3+ 1/2-1/2

[Event "Novosibirsk op"]
[Site "Novosibirsk"]
[Date "2001.07.29"]
[Round "11"]
[White "Yakimov, S Yu"]
[Black "Solodovnikov, Mikhail"]
[Result "0-1"]
[WhiteElo "2265"]
[BlackElo "2189"]
[PlyCount "84"]
[EventDate "2001.07.18"]
[EventType "swiss"]
[EventRounds "11"]
[EventCountry "RUS"]
[SourceTitle "CBM 083 Extra"]
[Source "ChessBase"]
[SourceDate "2001.09.11"]
[SourceVersion "1"]
[SourceVersionDate "2001.09.11"]
[SourceQuality "1"]

1. e4 c5 2. Nf3 d6 3. Bb5+ Bd7 4. Bxd7+ Qxd7 5. c4 Nc6 6. 0-0 g6 7. d4 cxd4 8. Nxd4 Bg7 9. Be3 Nf6 10. f3 0-0 11. Nc3 b6 12. Rc1 Rac8 13. b3 Rfe8 14. Re1 Ne5 15. Re2 Qb7 16. Rd2 Ned7 17. Rcc2 Nc5 18. Nd5 Ncd7 19. Bg5 Nxd5 20. exd5 Bxd4+ 21. Rxd4 b5 22. Re4 Nf6 23. Ree2 bxc4 24. bxc4 Qd7 25. Qd4 Qf5 26. h4 Ra8 27. Bxf6 exf6 28. Rb2 Kg7 29. Kf2 Rxe2+ 30. Rxe2 h5 31. Re4 a5 32. Qb6 Qd7 33. Kg3 a4 34. a3 Ra7 35. c5 dxc5 36. d6 Rb7 37. Qxc5 Rb3 38. Re7 Qg4+ 39. Kf2 Qxh4+ 40. Ke2 Qg3 41. Kd1 Qxg2 42. Kc1 Qf1+ 0-1

[Event "Novosibirsk op"]
[Site "Novosibirsk"]
[Date "2001.07.26"]
[Round "8"]
[White "Solodovnikov, Mikhail"]
[Black "Permiakov, Vladimir"]
[Result "1/2-1/2"]
[WhiteElo "2189"]
[BlackElo "2345"]
[PlyCount "50"]
[EventDate "2001.07.18"]
[EventType "swiss"]
[EventRounds "11"]
[EventCountry "RUS"]
[SourceTitle "CBM 083 Extra"]
[Source "ChessBase"]
[SourceDate "2001.09.11"]
[SourceVersion "1"]
[SourceVersionDate "2001.09.11"]
[SourceQuality "1"]

1. e4 c5 2. Nf3 Nc6 3. Nc3 g6 4. d4 cxd4 5. Nxd4 Bg7 6. Be3 Nf6 7. Bc4 Qa5 8. 0-0 0-0 9. Nb3 Qc7 10. f4 d6 11. Be2 b6 12. Bf3 Bb7 13. Rf2 Na5 14. Nxa5 bxa5 15. Qd3 Bc6 16. Rd1 Rfd8 17. Nd5 Bxd5 18. exd5 Nd7 19. c3 Rab8 20. h4 a4 21. a3 Nb6 22. Bxb6 Rxb6 23. h5 Qc5 24. Kf1 Rdb8 25. Rdd2 Bf6 1/2-1/2

[Event "Novosibirsk op"]
[Site "Novosibirsk"]
[Date "2001.07.22"]
[Round "4"]
[White "Solodovnikov, Mikhail"]
[Black "Garagulya, Konstantin"]
[Result "1-0"]
[WhiteElo "2189"]
[BlackElo "2414"]
[PlyCount "115"]
[EventDate "2001.07.18"]
[EventType "swiss"]
[EventRounds "11"]
[EventCountry "RUS"]
[SourceTitle "CBM 083 Extra"]
[Source "ChessBase"]
[SourceDate "2001.09.11"]
[SourceVersion "1"]
[SourceVersionDate "2001.09.11"]
[SourceQuality "1"]

1. Nf3 d5 2. g3 Nf6 3. Bg2 Nc6 4. d4 Bf5 5. 0-0 e6 6. c3 Be7 7. Nbd2 h6 8. b4 Ne4 9. Bb2 0-0 10. Nb3 Nd6 11. Nfd2 a5 12. a3 axb4 13. axb4 Rxa1 14. Qxa1 Qa8 15. Qxa8 Rxa8 16. Ra1 Rxa1+ 17. Bxa1 b6 18. Bb2 Na7 19. Bf1 Bc2 20. e3 Kf8 21. f3 Ke8 22. Kf2 Kd7 23. Bg2 Bg5 24. Bf1 Kc6 25. Be2 Nab5 26. Bf1 Bxb3 27. Nxb3 Nc4 28. Bxc4 dxc4 29. Nd2 Nd6 30. Ke2 Kb5 31. f4 Bd8 32. e4 f5 33. e5 Nc8 34. Kd1 Ne7 35. Kc2 Nd5 36. Bc1 Ne3+ 37. Kb2 Nd1+ 38. Kc2 Ne3+ 39. Kb2 Ng4 40. Nf1 g6 41. Be3 g5 42. h3 Nxe3 43. Nxe3 gxf4 44. gxf4 c6 45. Ng2 Be7 46. Kc2 h5 47. Kb2 Bf8 48. Ne3 Bh6 49. Ng2 c5 50. bxc5 bxc5 51. Kc2 cxd4 52. cxd4 Kb4 53. d5 exd5 54. e6 Bf8 55. Ne3 d4 56. Nd5+ Ka3 57. e7 d3+ 58. Kc3 1-0

[Event "Novosibirsk op"]
[Site "Novosibirsk"]
[Date "2001.07.21"]
[Round "3"]
[White "Kazakov, Peter"]
[Black "Solodovnikov, Mikhail"]
[Result "0-1"]
[WhiteElo "2342"]
[BlackElo "2189"]
[PlyCount "130"]
[EventDate "2001.07.18"]
[EventType "swiss"]
[EventRounds "11"]
[EventCountry "RUS"]
[SourceTitle "CBM 083 Extra"]
[Source "ChessBase"]
[SourceDate "2001.09.11"]
[SourceVersion "1"]
[SourceVersionDate "2001.09.11"]
[SourceQuality "1"]

1. Nf3 Nf6 2. g3 g6 3. Bg2 Bg7 4. 0-0 0-0 5. d4 d6 6. Nc3 Nbd7 7. d5 a6 8. Nd4 Nb6 9. e4 e5 10. Nde2 c6 11. Bg5 cxd5 12. Bxf6 Bxf6 13. Nxd5 Nxd5 14. Qxd5 Qc7 15. Nc3 Be6 16. Qd2 Qc5 17. Rfd1 Rfd8 18. a4 Rac8 19. Bf1 Kg7 20. h4 h5 21. Kh2 Bg4 22. Bh3 Bxd1 23. Bxc8 Rxc8 24. Rxd1 Qb4 25. Qc1 Bd8 26. Rd3 Rc6 27. Rf3 Qd4 28. Qf1 Qc4 29. Qh3 Qe6 30. Qf1 Qc4 31. Qd3 Qxd3 32. cxd3 Rb6 33. Nd1 Rb4 34. Re3 Rxa4 35. Re2 Rd4 36. Rd2 Ba5 37. Nc3 Bxc3 38. bxc3 Ra4 39. c4 Rb4 40. Kg2 Kf6 41. Kf3 Ke6 42. Ke3 a5 43. f3 Rb1 44. f4 b6 45. Rf2 f5 46. Ra2 Rb3 47. Ra4 b5 48. cxb5 Rxb5 49. Ra1 fxe4 50. dxe4 d5 51. exd5+ Kxd5 52. fxe5 Kxe5 53. Ra4 Kf5 54. Rf4+ Ke5 55. Ra4 Kf6 56. Kf3 Ke6 57. Ke3 g5 58. hxg5 Rxg5 59. Kf3 Kd6 60. g4 hxg4+ 61. Kf4 Rb5 62. Kg3 Kc6 63. Rxg4 Rf5 64. Rg8 Kb5 65. Rb8+ Kc4 0-1